000 03371nam1a2200373 i 4500
001 RU\NLR\BIBL_A\012408606
005 20241101145743.0
010 _a9785829507039
035 _a(NLR Aleph) 012408606
090 _a11764035
_c11764035
100 _a20201120g20209999k y0rusy50 ca
101 0 _arus
102 _aRU
105 _a z
181 0 _ai
_baxxe
182 0 _an
200 1 _aКультура и экология - основы устойчивого развития России. Культурные и экологические императивы современной экономики
_eмеждународный форум, [проходивший] в рамках проведения Всемирного Дня Культуры, (Екатеринбург, 13-15 апреля 2020 г.)
_eсборник материалов
_fМинистерство науки и высшего образования Российской Федерации, Федеральное государственное автономное образовательное учрежддение высшего образования "Уральский федеральный университет имени первого Президента России Б. Н. Ельцина", Кафедра культурологии и дизайна УГИ УрФУ
_g[редакционная коллегия: В. П. Ануфриев - доктор экон. наук, канд. тех. наук, профессор, О. И. Ган - канд. ист. наук, доцент]
203 _aТекст
_bвизуальный
_cнепосредственный
210 _aЕкатеринбург
_cФГАОУ ВПО УрФУ
_d2020
215 _d20
517 1 _aКультурные и экологические императивы современной экономики
606 1 _aУстойчивого развития концепция
_jСъезды, совещания и т.п
_yРоссийская Федерация
_92270123
_3RU\NLR\AUTH\661360677
686 1 _aУ9(2)-961-314(2Р)я431
702 1 _aАнуфриев
_bВ. П.
_gВалерий Павлович
_4340
702 1 _aГан
_bО. И.
_gОльга Иосифовна
_4340
711 1 2 _a"Культура и экология - основы устойчивого развития России. Культурные и экологические императивы современной экономики", международный форум
_d8
_eЕкатеринбург
_f2020
_9725014
_3RU\NLR\AUTH\880531435
711 1 2 _aВсемирный день культуры
_eЕкатеринбург
_f2020
_9725019
_3RU\NLR\AUTH\880531437
712 0 2 _4570
_aУральский федеральный университет им. первого Президента России Б. Н. Ельцина
_bУральский гуманитарный институт
_bКафедра культурологии и дизайна
_cЕкатеринбург
_9624477
_3RU\NLR\AUTH\880481963
852 _aNLR
_j2020-3/18539
942 _cBOOK
980 _aNBR